00394nam a2200157Ia 45000010006000000050017000060080041000230410008000640820017000721000035000892450059001242600009001833000028001926500008002206540008002281092120260306161908.0260306t2009||||xx |||||||||||||| ||spa|| aESP a983.092bA77 aArrau Corominas, FernandoeAUT 0aEl diputado Bernardo O´Higgins en el Congreso de 1811 c2009 a117 páginas :c22 cm. aGEN aCHU